000 00218 a2200097 4500
001 42552
100 _aHart B.H.L
245 _aThe revolution in warfare
260 _aLondon
_bFaber & Faber
_c
090 _c26462
_d26462
942 _aNUST-CAE
_cM
_c18294
999 _c277625
_d277625